Sports Quiz

Random Sports Quiz

2015-16 RFU Championship Clubs Quiz Stats

 Plays Quiz not verified by Sporcle

Score 0/12 Timer 10:00
0 Plays Today
% Correct
Bedford Blues
100%
Bristol
80%
Cornish Pirates
80%
Doncaster Knights
80%
Ealing Trailfinders
80%
London Scottish
80%
London Welsh
80%
Nottingham Rugby
80%
Rotherham Titans
80%
Yorkshire Carnegie
80%
Jersey
60%
Moseley
40%

You're not logged in!

Compare scores with friends on all Sporcle quizzes.
OR
Log In

Show Comments

Extras

Created Aug 13, 2015ReportNominate
Tags:club

Top Quizzes Today


Score Distribution

Your Account Isn't Verified!

In order to create a playlist on Sporcle, you need to verify the email address you used during registration. Go to your Sporcle Settings to finish the process.

Report this User

Report this user for behavior that violates our Community Guidelines.

Details: